Wayfinding : the science and mystery of how humans navigate the world
Saved in:
| Main Author | |
|---|---|
| Format | Electronic eBook |
| Language | English |
| Published |
New York :
St. Martin's Press,
2019.
|
| Edition | First edition. |
| Subjects | |
| Online Access | Full text |
| ISBN | 9781250200235 9781250096968 |
| Physical Description | 1 online zdroj (viii, 354 stran) |
Cover
| LEADER | 00000cam a2200000 i 4500 | ||
|---|---|---|---|
| 001 | 113442 | ||
| 003 | CZ-ZlUTB | ||
| 005 | 20260605143116.0 | ||
| 006 | m o d | ||
| 007 | cr cnu---unuuu | ||
| 008 | 190516s2019 nyu fo 001 0 eng d | ||
| 020 | |a 9781250200235 |q (electronic bk.) | ||
| 020 | |z 9781250096968 | ||
| 035 | |a (OCoLC)1101427943 |z (OCoLC)1101388514 | ||
| 040 | |a TEFOD |b eng |c TEFOD |d OCLCO |d RECBK |d YDX |d EBLCP |d OCLCQ |d HOPLA |d CLOUD |d OCLCQ |e rda | ||
| 072 | 7 | |a 572 |x Fyzická antropologie |2 Konspekt |9 1 | |
| 080 | |a 572.1/.4 |2 MRF | ||
| 080 | |a 612.8 |2 MRF | ||
| 080 | |a 612 |2 MRF | ||
| 080 | |a 612.881 |2 MRF | ||
| 080 | |a (0.034.2:08) |2 MRF | ||
| 080 | |a (048.8) |2 MRF | ||
| 100 | 1 | |a O'Connor, M. R., |d 1982- |e author. | |
| 245 | 1 | 0 | |a Wayfinding : |b the science and mystery of how humans navigate the world / |c M.R. O'Connor. |
| 250 | |a First edition. | ||
| 264 | 1 | |a New York : |b St. Martin's Press, |c 2019. | |
| 300 | |a 1 online zdroj (viii, 354 stran) | ||
| 336 | |a text |b txt |2 rdacontent | ||
| 337 | |a počítač |b c |2 rdamedia | ||
| 338 | |a online zdroj |b cr |2 rdacarrier | ||
| 504 | |a Obsahuje bibliografické odkazy a index. | ||
| 506 | |a Plný text je dostupný pouze z IP adres počítačů Univerzity Tomáše Bati ve Zlíně nebo vzdáleným přístupem pro zaměstnance a studenty | ||
| 588 | 0 | |a Print version record. | |
| 590 | |a eBooks on EBSCOhost |b All EBSCO eBooks | ||
| 650 | 0 | 7 | |a antropogeneze |7 ph118527 |2 czenas |
| 650 | 0 | 7 | |a neurofyziologie |7 ph123257 |2 czenas |
| 650 | 0 | 7 | |a fyziologie člověka |7 ph120451 |2 czenas |
| 650 | 0 | 7 | |a prostorová orientace |7 ph124658 |2 czenas |
| 650 | 0 | 7 | |a prostorové vnímání |7 ph205122 |2 czenas |
| 650 | 0 | 9 | |a anthropogenesis |2 eczenas |
| 650 | 0 | 9 | |a neurophysiology |2 eczenas |
| 650 | 0 | 9 | |a human physiology |2 eczenas |
| 650 | 0 | 9 | |a spatial orientation |2 eczenas |
| 650 | 0 | 9 | |a spatial perception |2 eczenas |
| 655 | 7 | |a elektronické knihy |7 fd186907 |2 czenas | |
| 655 | 7 | |a monografie |7 fd132842 |2 czenas | |
| 655 | 9 | |a electronic books |2 eczenas | |
| 655 | 9 | |a monographs |2 eczenas | |
| 776 | 0 | 8 | |i Print version: |a O'Connor, M.R., 1982- |t Wayfinding. |b First edition. |d New York : St. Martin's Press, 2019 |z 9781250096968 |w (DLC) 2017059647 |w (OCoLC)1043962247 |
| 856 | 4 | 0 | |u https://search.ebscohost.com/login.aspx?direct=true&scope=site&db=nlebk&AN=3859397&authtype=ip,shib&custid=s3936755 |
| 942 | |2 udc | ||
| 992 | |c EBOOK-TN |c EBSCO | ||
| 993 | |x NEPOSILAT |y EIZ | ||
| 999 | |c 113442 |d 113442 | ||